|
|
|
|
| LEADER |
00823nam a22001931a 4500 |
| 020 |
|
|
|a 9780706997194
|
| 082 |
|
|
|a 371.33
|b JCA/E
|
| 100 |
|
|
|a J C Aggarwal
|9 136669
|
| 245 |
|
|
|a Essentials of educational technology :
|b teaching and learning (innovations in education)/
|c by J C Aggarwal
|
| 260 |
|
|
|a New Delhi:
|b Vikas,
|c 2000.
|
| 300 |
|
|
|a 463p.
|
| 650 |
|
|
|a Educational Technology
|9 136670
|
| 650 |
|
|
|a Education techniques
|9 136671
|
| 650 |
|
|
|a Education
|9 136672
|
| 650 |
|
|
|a Social Sciences
|9 136673
|
| 942 |
|
|
|c BK
|
| 999 |
|
|
|c 13885
|d 13885
|
| 952 |
|
|
|0 0
|1 0
|4 0
|6 371_330000000000000_JCA_E
|7 0
|9 19908
|a SSUS
|b SSUS
|d 2015-01-08
|g 150.00
|o 371.33 JCA/E
|p 028946
|r 2015-01-08
|v 0.00
|w 2015-01-08
|y BK
|
| 952 |
|
|
|0 0
|1 0
|4 0
|6 371_330000000000000_JCA_E
|7 0
|9 19909
|a SSUS
|b SSUS
|d 2015-01-08
|g 125.00
|o 371.33 JCA/E
|p 007201
|r 2015-01-08
|v 0.00
|w 2015-01-08
|y BK
|